Nursing Education & Educational Technology (Record no. 1670)

MARC details
000 -LEADER
Fixed length control field 00699nam a2200229Ia 4500
003 - CONTROL NUMBER IDENTIFIER
Control field IIN
005 - DATE AND TIME OF LATEST TRANSACTION
Control field 20250502125601.0
008 - FIXED-LENGTH DATA ELEMENTS--GENERAL INFORMATION
Fixed length control field 240618b |||||||| |||| 00| 0 eng d
020 ## - INTERNATIONAL STANDARD BOOK NUMBER / ISBN
Price 795.00
International Standard Book Number 9788131267233
040 ## - CATALOGING SOURCE
Original cataloging agency IIN
Language of cataloging Eng
082 ## - DEWEY DECIMAL CLASSIFICATION NUMBER
Classification number 610.73071
Book Number SHA
100 1# - MAIN ENTRY--PERSONAL NAME
Personal name Sharma, Suresh K.
245 1# - TITLE STATEMENT
Title Nursing Education & Educational Technology
Sub title with complimentary Handbook of Forensic Nursing/
Statement of responsibility Suresh K. Sharma and Reena Sharma
250 ## - EDITION STATEMENT
Edition statement 3rd ed
260 ## - IMPRINT
Name of publisher Elseiver
Place of publication New Delhi
Date of publication 2024
300 ## - PHYSICAL DESCRIPTION
Page / Vol. No xviii,547p.
Other physical details ill.
500 ## - GENERAL NOTE
General note Includes Index
650 1# - SUBJECT ADDED ENTRY--TOPICAL TERM
Topical term Education
Form subdivision Technology
650 1# - SUBJECT ADDED ENTRY--TOPICAL TERM
Topical term Communication & Educational
Form subdivision Technology
700 1# - ADDED ENTRY--PERSONAL NAME
Personal name Sharma, Reena
942 ## - ADDED ENTRY ELEMENTS (KOHA)
Koha item type Books
Holdings
Withdrawn status Lost status Source of classification Damaged status Not for loan Collection code Home library Current library Date acquired Price Total Checkouts Call number Accession number Date last seen Copy number Price effective from Koha item type Date checked out Shelving location
    Dewey Decimal Classification     Purches Book IDEAL INSTITUTE OF NURSING IDEAL INSTITUTE OF NURSING 04/04/2024 795.00   610.73071 SHA 1716 18/06/2024 1 18/06/2024 Books    
    Dewey Decimal Classification     Purches Book IDEAL INSTITUTE OF NURSING IDEAL INSTITUTE OF NURSING 04/04/2024 795.00 1 610.73071 SHA 1717 10/02/2025 2 18/06/2024 Books 04/02/2025  
    Dewey Decimal Classification     Purches Book IDEAL INSTITUTE OF NURSING IDEAL INSTITUTE OF NURSING 04/04/2024 795.00   610.73071 SHA 1718 18/06/2024 3 18/06/2024 Books    
    Dewey Decimal Classification     Purches Book IDEAL INSTITUTE OF NURSING IDEAL INSTITUTE OF NURSING 11/03/2025   1 610.73071 SHA 1976 15/10/2025 4 02/05/2025 Books 13/10/2025 General Stacks
© Ideal Institute Of Nursing, All rights reserved.         Powered by Koha